[Event "Skakligaen"]
[Site "Danmark"]
[Date "2018.10.28"]
[Round "2.1"]
[White "Hammer, Jon Ludvig"]
[Black "Teplyi, Igor"]
[Result "1-0"]
[WhiteElo "2650"]
[BlackElo "2417"]
[EventDate "2018.10.27"]
[EventType "team-tourn"]
[EventRounds "9"]
[EventCountry "Danmark"]
[WhiteTeam "Koge"]
[BlackTeam "SK1968"]
[WhiteTeamCountry "DEN"]
[BlackTeamCountry "DEN"]
[WhiteFideId "1503707"]
[BlackFideId "1413767"]

1. d4 Nf6 2. c4 e6 3. Nf3 d5 4. Nc3 Bb4 5. cxd5 exd5 6. Bg5 h6 7. Bh4 O-O 8. e3 Bf5 9. Qb3 Bxc3+ 10. bxc3 Nbd7 11. Be2 c5 12. dxc5 Nxc5 13. Qb4 Nd3+ 14. Bxd3 Bxd3 15. Qd4 Be4 16. Bxf6 Qxf6 17. Qxf6 gxf6 18. Nd4 Rfc8 19. Kd2 Rc5 20. a4 b6 21. Ra3 a5 22. Rha1 Kg7 23. Rb3 Rb8 24. f3 Bg6 25. Ra2 Rb7 26. Rb5 Rxb5 27. Nxb5 Kf8 28. Rb2 Ke7 29. Nd4 Kd6 30. Rb5 Rb8 31. h4 Rb7 32. h5 Bh7 33. g4 Rb8 34. c4 dxc4 35. e4 Kc7 36. Kc3 Re8 37. Kxc4 Re5 38. Rxe5 fxe5 39. Nf5 f6 40. Kb5  1-0

[Event "Skakligaen"]
[Site "Danmark"]
[Date "2018.10.28"]
[Round "2.2"]
[White "Berg, Klaus"]
[Black "Brunello, Sabino"]
[Result "0-1"]
[WhiteElo "2298"]
[BlackElo "2538"]
[EventDate "2018.10.27"]
[EventType "team-tourn"]
[EventRounds "9"]
[EventCountry "Danmark"]
[WhiteTeam "SK1968"]
[BlackTeam "Koge"]
[WhiteTeamCountry "DEN"]
[BlackTeamCountry "DEN"]
[WhiteFideId "1400053"]
[BlackFideId "813613"]

1. d4 Nf6 2. Nf3 e6 3. e3 c5 4. c4 d5 5. Nc3 Nc6 6. cxd5 Nxd5 7. Bd3 cxd4 8. exd4 Bb4 9. Bd2 O-O 10. O-O Nf6 11. Bg5 h6 12. Bh4 Be7 13. Re1 Nh5 14. Bxe7 Nxe7 15. Ne5 Nf6 16. Ng4 Nc6 17. Nxf6+ Qxf6 18. d5 exd5 19. Nxd5 Qxb2 20. Rb1 Qd4 21. Ne7+ Kh8 22. Nxc8 Raxc8 23. Rxb7 Rfd8 24. Be2 Qf4 25. Rd7 Nd4 26. Rxd8+ Rxd8 27. Bd3 g5 28. h3 Kg7 29. Re3 Qf6 30. Qg4 Ne6 31. Bc4 Nf4 32. Bb3 Rd2 33. h4 Qa1+ 34. Kh2 Rxf2 35. Rg3 Ne2  0-1

[Event "Skakligaen"]
[Site "Danmark"]
[Date "2018.10.28"]
[Round "2.3"]
[White "Rozentalis, Eduardas"]
[Black "Matthiesen, Martin"]
[Result "1-0"]
[WhiteElo "2539"]
[BlackElo "2251"]
[EventDate "2018.10.27"]
[EventType "team-tourn"]
[EventRounds "9"]
[EventCountry "Danmark"]
[WhiteTeam "Koge"]
[BlackTeam "SK1968"]
[WhiteTeamCountry "DEN"]
[BlackTeamCountry "DEN"]
[WhiteFideId "12800023"]
[BlackFideId "1404067"]

1. e4 e5 2. Nf3 Nc6 3. Bc4 Bc5 4. c3 Nf6 5. d3 d6 6. b4 Bb6 7. a4 a6 8. O-O h6 9. a5 Ba7 10. Be3 O-O 11. Bxa7 Rxa7 12. Nbd2 Ra8 13. Re1 Re8 14. Qb3 Qe7 15. d4 g6 16. Bf1 Qf8 17. d5 Nb8 18. c4 Nbd7 19. Rac1 Nh5 20. c5 Qe7 21. c6 bxc6 22. Rxc6 Nb8 23. Rc3 Bb7 24. Rec1 Rc8 25. g3 Ng7 26. Bh3 f5 27. Nh4 Qf7 28. Qb1  1-0

[Event "Skakligaen"]
[Site "Danmark"]
[Date "2018.10.28"]
[Round "2.4"]
[White "Bank, Pelle Rodkjaer"]
[Black "Tikkanen, Hans"]
[Result "0-1"]
[WhiteElo "2298"]
[BlackElo "2510"]
[EventDate "2018.10.27"]
[EventType "team-tourn"]
[EventRounds "9"]
[EventCountry "Danmark"]
[WhiteTeam "SK1968"]
[BlackTeam "Koge"]
[WhiteTeamCountry "DEN"]
[BlackTeamCountry "DEN"]
[WhiteFideId "1402889"]
[BlackFideId "1706446"]

1. Nf3 Nf6 2. g3 g6 3. c4 Bg7 4. Bg2 O-O 5. O-O d6 6. Nc3 Nc6 7. d4 a6 8. h3 Bd7 9. e4 e5 10. Be3 b5 11. dxe5 dxe5 12. cxb5 axb5 13. Bc5 Re8 14. Qd3 b4 15. Nd5 Ra5 16. Nxf6+ Bxf6 17. Qc2 Be7 18. Be3 Bd6 19. Rfd1 Qf6 20. a4 bxa3 21. bxa3 Rea8 22. Bg5 Qe6 23. Bf1 Rxa3 24. Rxa3 Rxa3 25. Be3 Nb4 26. Qc1 Na2 27. Qb2 Nc3 28. Qb8+ Qe8 29. Qxe8+ Bxe8 30. Rc1 Nxe4 31. Bc4 Nxg3 32. Ng5 h6 33. Rb1 c6 34. Rd1 Be7 35. Nf3 Nf5 36. Nxe5 Nxe3 37. fxe3 Rxe3 38. Ng4 Rxh3 39. Re1 Rg3+ 40. Kf2 Rxg4  0-1

[Event "Skakligaen"]
[Site "Danmark"]
[Date "2018.10.28"]
[Round "2.5"]
[White "Danielsen, Henrik"]
[Black "Rewitz, Poul"]
[Result "1-0"]
[WhiteElo "2493"]
[BlackElo "2227"]
[EventDate "2018.10.27"]
[EventType "team-tourn"]
[EventRounds "9"]
[EventCountry "Danmark"]
[WhiteTeam "Koge"]
[BlackTeam "SK1968"]
[WhiteTeamCountry "DEN"]
[BlackTeamCountry "DEN"]
[WhiteFideId "1400185"]
[BlackFideId "1401033"]

1. e4 c5 2. c3 d5 3. d3 dxe4 4. dxe4 Qxd1+ 5. Kxd1 Bd7 6. Be3 Bc6 7. f3 Nd7 8. Nd2 g6 9. a4 Bh6 10. Bxh6 Nxh6 11. Bb5 Rc8 12. Nh3 f6 13. Kc2 g5 14. Nf2 Nf7 15. h4 h6 16. Nc4 b6 17. Ng4 h5 18. Nge3 e6 19. Rh2 Ke7 20. Bxc6 Rxc6 21. Rah1 g4 22. fxg4 hxg4 23. Nxg4 Rcc8 24. Rd1 Nf8 25. g3 Nh7 26. Rf2 Rcg8 27. Nce3 Rg6 28. Rdf1 Rhg8 29. Rf4 Nd6 30. e5 fxe5 31. Nxe5 Rxg3 32. Rf7+ Nxf7 33. Rxf7+ Ke8 34. N3c4 R3g7 35. Nd6+ Kd8 36. Nc6#  1-0

[Event "Skakligaen"]
[Site "Danmark"]
[Date "2018.10.28"]
[Round "2.6"]
[White "Hansen, Lars"]
[Black "Ahlander, Bjorn"]
[Result "0-1"]
[WhiteElo "2203"]
[BlackElo "2426"]
[EventDate "2018.10.27"]
[EventType "team-tourn"]
[EventRounds "9"]
[EventCountry "Danmark"]
[WhiteTeam "SK1968"]
[BlackTeam "Koge"]
[WhiteTeamCountry "DEN"]
[BlackTeamCountry "DEN"]
[WhiteFideId "1402528"]
[BlackFideId "1700251"]

1. d4 Nf6 2. Bg5 d5 3. Bxf6 exf6 4. e3 Bd6 5. c4 dxc4 6. Bxc4 O-O 7. Nc3 c6 8. Qc2 f5 9. Nf3 Nd7 10. O-O-O Qe7 11. h4 Nf6 12. Bd3 g6 13. h5 b5 14. Rh4 b4 15. Ne2 Be6 16. Rdh1 Rfc8 17. hxg6 fxg6 18. Ng5 h5 19. Nxe6 Qxe6 20. e4 fxe4 21. Rxe4 Qf7 22. Rf4 Kg7 23. Rf3 c5 24. Bc4 Qd7 25. d5 Qg4 26. Rhh3 h4 27. Rh1 Re8 28. Rg1 Bh2 29. Rd1 Qxg2 30. Qd3 Re4 31. b3 Rae8 32. d6 Bxd6 33. Rxf6 Qg5+ 34. f4 Qxf6 35. Qxd6 Qa1+  0-1

[Event "Skakligaen"]
[Site "Danmark"]
[Date "2018.10.28"]
[Round "2.7"]
[White "Antonsen, Mikkel"]
[Black "Ramsdal, Jens Albert"]
[Result "0-1"]
[WhiteElo "2435"]
[BlackElo "2235"]
[EventDate "2018.10.27"]
[EventType "team-tourn"]
[EventRounds "9"]
[EventCountry "Danmark"]
[WhiteTeam "Koge"]
[BlackTeam "SK1968"]
[WhiteTeamCountry "DEN"]
[BlackTeamCountry "DEN"]
[WhiteFideId "1401378"]
[BlackFideId "1429221"]

1. d4 Nf6 2. c4 g6 3. Nc3 Bg7 4. e4 d6 5. h3 O-O 6. Be3 c5 7. Nf3 cxd4 8. Nxd4 Nbd7 9. Be2 Nc5 10. Qc2 Bd7 11. O-O a5 12. Rad1 Qc8 13. Rfe1 Re8 14. Bf1 b6 15. Nb3 Qb7 16. Nxc5 dxc5 17. e5 Bf5 18. Bd3 Nd7 19. Bxf5 gxf5 20. Bf4 e6 21. Nb5 Reb8 22. h4 Nf8 23. h5 Rd8 24. Rxd8 Rxd8 25. Bg5 Rd7 26. Qc3 h6 27. Bf6 Bxf6 28. exf6 Qb8 29. Qe3 Nh7 30. Qxh6 Qf8 31. Qxf8+ Kxf8 32. Nc3 Nxf6 33. h6 Kg8 34. Kf1 Kh7 35. Ke2 Kxh6 36. Na4 Ne4 37. Ke3 Rd6 38. Rh1+ Kg7 39. g4 Nd2 40. gxf5 Nxc4+ 41. Kf4 Rd4+ 42. Kg5 exf5 43. b3 Nd6 44. f3 f6+ 45. Kh5 Nc8 46. Re1 Kf7 47. Re2 Ne7  0-1

[Event "Skakligaen"]
[Site "Danmark"]
[Date "2018.10.28"]
[Round "2.8"]
[White "Pedersen, Gunnar"]
[Black "Percivaldi, Martin"]
[Result "0-1"]
[WhiteElo "2208"]
[BlackElo "2389"]
[EventDate "2018.10.27"]
[EventType "team-tourn"]
[EventRounds "9"]
[EventCountry "Danmark"]
[WhiteTeam "SK1968"]
[BlackTeam "Koge"]
[WhiteTeamCountry "DEN"]
[BlackTeamCountry "DEN"]
[WhiteFideId "1407414"]
[BlackFideId "1508148"]

1. d4 Nf6 2. Nf3 d5 3. c4 c6 4. e3 Bf5 5. Bd3 Bxd3 6. Qxd3 e6 7. Nc3 Bb4 8. O-O O-O 9. Bd2 a5 10. a3 Bxc3 11. Bxc3 a4 12. Nd2 Qb6 13. e4 Qa6 14. Bb4 Re8 15. Rac1 Nbd7 16. Qf3 dxe4 17. Nxe4 Nxe4 18. Qxe4 Rad8 19. Rfd1 Nf6 20. Qe5 Rd7 21. Rd3 Red8 22. Rg3 Ne8 23. Bc3 Qxc4 24. d5 Rxd5 25. Rxg7+ Kf8 26. Rg8+ Ke7 27. Qe1 Qf4 28. h3 Qxc1 29. Qxc1 Rd1+ 30. Qxd1 Rxd1+ 31. Kh2 Rd5 32. Rg4 b5 33. Rh4 h5 34. g4 hxg4 35. Rxg4 Nf6 36. Rh4 e5 37. Kg2 Ke6 38. Kf3 Rd8 39. Rh6 Kf5 40. Rh4 c5 41. Ke2 Kg5  0-1

[Event "Skakligaen"]
[Site "Danmark"]
[Date "2018.10.28"]
[Round "2.1"]
[White "Thybo, Jesper Sondergaard"]
[Black "Rostgaard, Tobias Valentin"]
[Result "1-0"]
[WhiteElo "2525"]
[BlackElo "2388"]
[EventDate "2018.10.27"]
[EventType "team-tourn"]
[EventRounds "9"]
[EventCountry "Danmark"]
[WhiteTeam "Jetsmark"]
[BlackTeam "BMS"]
[WhiteTeamCountry "DEN"]
[BlackTeamCountry "DEN"]
[WhiteFideId "1438832"]
[BlackFideId "1408801"]

1. d4 d5 2. c4 e6 3. Nf3 Nf6 4. g3 c5 5. cxd5 exd5 6. Bg2 Nc6 7. O-O Be7 8. Nc3 O-O 9. Bg5 c4 10. e3 Be6 11. b3 cxb3 12. Qxb3 Na5 13. Qb2 a6 14. Ne5 b5 15. Nd3 Nc4 16. Qe2 Rc8 17. Rfc1 Bg4 18. Qe1 Be6 19. Bxf6 gxf6 20. Qe2 Qd7 21. Nf4 Nb6 22. Qh5 Rfd8 23. Qh6 Bf8 24. Qxf6 Rc6 25. Qg5+ Kh8 26. Nh5 Qe7 27. Qe5+ f6 28. Nxf6 Bg7 29. Ncxd5 Rxc1+ 30. Rxc1 Nxd5 31. Nxd5 Qa3 32. Qc7 Rc8 33. Qxc8+ Bxc8 34. Rxc8+ Bf8 35. Nf4 Qxa2 36. Bd5 Qb1+ 37. Kg2 Qf5 38. Ra8 Kg7 39. e4 Qd7 40. Ne6+ Kh6  1-0

[Event "Skakligaen"]
[Site "Danmark"]
[Date "2018.10.28"]
[Round "2.2"]
[White "Haubro, Martin"]
[Black "Rasmussen, Allan Stig"]
[Result "0-1"]
[WhiteElo "2358"]
[BlackElo "2547"]
[EventDate "2018.10.27"]
[EventType "team-tourn"]
[EventRounds "9"]
[EventCountry "Danmark"]
[WhiteTeam "BMS"]
[BlackTeam "Jetsmark"]
[WhiteTeamCountry "DEN"]
[BlackTeamCountry "DEN"]
[WhiteFideId "1414291"]
[BlackFideId "1406000"]

1. e4 c6 2. d4 d5 3. exd5 cxd5 4. c4 Nf6 5. Nc3 g6 6. cxd5 Bg7 7. Qb3 O-O 8. Be2 Na6 9. Bf3 b5 10. Nge2 b4 11. Nd1 Bb7 12. Ne3 Qd7 13. Bd2 Rab8 14. Rc1 Rfd8 15. Nf4 Nc7 16. Rc5 g5 17. d6 Nb5 18. Ne2 Nxd6 19. Bxb7 Rxb7 20. f3 Rb5 21. O-O Nb7 22. Rc2 Na5 23. Qd3 Nd5 24. Ng4 h6 25. Rfc1 Nb7 26. h4 f5 27. hxg5 fxg4 28. gxh6 Bf6 29. Rc6 Nd6 30. Bg5 Kh8 31. Bxf6+ Nxf6 32. Ng3 gxf3 33. Rxd6 Qxd6 34. Qg6 Qxd4+  0-1

[Event "Skakligaen"]
[Site "Danmark"]
[Date "2018.10.28"]
[Round "2.3"]
[White "Wiwe, Andreas"]
[Black "Jacobsen, Mikkel Manosri"]
[Result "0-1"]
[WhiteElo "2304"]
[BlackElo "2285"]
[EventDate "2018.10.27"]
[EventType "team-tourn"]
[EventRounds "9"]
[EventCountry "Danmark"]
[WhiteTeam "Jetsmark"]
[BlackTeam "BMS"]
[WhiteTeamCountry "DEN"]
[BlackTeamCountry "DEN"]
[WhiteFideId "1407937"]
[BlackFideId "1444514"]

1. e4 c6 2. d4 d5 3. Nc3 dxe4 4. Nxe4 Bf5 5. Ng3 Bg6 6. h4 h6 7. Nf3 Nd7 8. h5 Bh7 9. Bd3 Bxd3 10. Qxd3 e6 11. Bd2 Ngf6 12. O-O-O Be7 13. Kb1 O-O 14. Qe2 c5 15. d5 exd5 16. Bxh6 Re8 17. Bf4 Qb6 18. h6 g6 19. Qd2 d4 20. Ng5 Nd5 21. Rde1 Bxg5 22. Bxg5 Kh7 23. Ka1 Ne5 24. Qd1 Re6 25. Bc1 Rae8 26. f4 Nc4 27. f5 Nde3 28. fxg6+ fxg6 29. Qd3 Nxb2 30. Bxb2 Nxc2+ 31. Qxc2 Rxe1+ 32. Bc1 Rxh1 33. Nxh1 Qb5 34. Ng3 Re1 35. Ne4 c4 36. Nd6 Qc5 37. Nxb7 Qb4 38. Nd8 d3 39. Qb2 c3 40. Qxb4 Rxc1+ 41. Qb1 d2  0-1

[Event "Skakligaen"]
[Site "Danmark"]
[Date "2018.10.28"]
[Round "2.4"]
[White "Vesterli, Michael E"]
[Black "Jensen, Bjarke"]
[Result "0-1"]
[WhiteElo "2204"]
[BlackElo "2328"]
[EventDate "2018.10.27"]
[EventType "team-tourn"]
[EventRounds "9"]
[EventCountry "Danmark"]
[WhiteTeam "BMS"]
[BlackTeam "Jetsmark"]
[WhiteTeamCountry "DEN"]
[BlackTeamCountry "DEN"]
[WhiteFideId "1417339"]
[BlackFideId "1403702"]

1. d4 d5 2. c4 dxc4 3. e4 e5 4. d5 Nf6 5. Nc3 b5 6. Nxb5 Nxe4 7. Qa4 c6 8. dxc6 Bc5 9. Bxc4 O-O 10. Nf3 Qb6 11. O-O Nxc6 12. Qc2 Nf6 13. Bg5 a6 14. Bxf6 axb5 15. Ng5 g6 16. Nxh7 bxc4 17. Qe4 Re8 18. Qh4 Nd4 19. Nf8 Qxf6 20. Qxf6 Bxf8 21. f4 Bg7 22. Qb6 Ne2+ 23. Kh1 Nxf4 24. b4 Be6 25. b5 Bd5 26. Rf2 Reb8 27. Qc5 Bf8 28. Qc7 Rxb5 29. a4 Rc5  0-1

[Event "Skakligaen"]
[Site "Danmark"]
[Date "2018.10.28"]
[Round "2.5"]
[White "Thogersen, Rasmus"]
[Black "Nielsen, Thomas Bach"]
[Result "1-0"]
[WhiteElo "2298"]
[BlackElo "2130"]
[EventDate "2018.10.27"]
[EventType "team-tourn"]
[EventRounds "9"]
[EventCountry "Danmark"]
[WhiteTeam "Jetsmark"]
[BlackTeam "BMS"]
[WhiteTeamCountry "DEN"]
[BlackTeamCountry "DEN"]
[WhiteFideId "1431412"]
[BlackFideId "1401785"]

1. e4 c6 2. d4 d5 3. e5 Bf5 4. Nf3 e6 5. Be2 Ne7 6. O-O c5 7. Be3 Nbc6 8. dxc5 Qc7 9. c4 Rd8 10. Nc3 a6 11. Qa4 dxc4 12. Bxc4 Nd5 13. Bxd5 exd5 14. Rad1 Be6 15. b4 Rd7 16. Nd4 Qxe5 17. Nxc6 bxc6 18. Bd4 Qc7 19. f4 f5 20. Qxa6 Qb7 21. Qe2 Kf7 22. Rb1 Be7 23. Rfe1  1-0

[Event "Skakligaen"]
[Site "Danmark"]
[Date "2018.10.28"]
[Round "2.6"]
[White "Jorgensen, Dennis"]
[Black "Rosenkilde, Alexander"]
[Result "1/2-1/2"]
[WhiteElo "2127"]
[BlackElo "2253"]
[EventDate "2018.10.27"]
[EventType "team-tourn"]
[EventRounds "9"]
[EventCountry "Danmark"]
[WhiteTeam "BMS"]
[BlackTeam "Jetsmark"]
[WhiteTeamCountry "DEN"]
[BlackTeamCountry "DEN"]
[WhiteFideId "1408380"]
[BlackFideId "1408488"]

1. d4 Nf6 2. Nf3 e6 3. e3 c5 4. c4 d5 5. a3 b6 6. Nc3 Be7 7. Bd3 O-O 8. cxd5 exd5 9. Ne5 Bb7 10. O-O Nbd7 11. Qc2 a6 12. f4 b5 13. Bf5 g6 14. Bh3 Nb6 15. dxc5 Nc4 16. b4 Qc7 17. Nxc4 dxc4 18. Bb2 Rad8 19. Rad1 Qc6 20. Rfe1 Nh5 21. Ne2 f5 22. Nd4 Qc8 23. Qe2 Nf6 24. a4 Bc6 25. axb5 axb5 26. g3 Ne4 27. Bg2 Qb7 28. Nxc6 Qxc6 29. Qc2 Rxd1 30. Rxd1 Rd8 31. Rxd8+ Bxd8 32. Bxe4 Qxe4 33. Qc3 Bf6 34. Qxf6 Qxe3+ 35. Kg2 Qe2+ 36. Kh3 Qg4+ 37. Kg2 Qe2+ 38. Kh3 Qg4+  1/2-1/2

[Event "Skakligaen"]
[Site "Danmark"]
[Date "2018.10.28"]
[Round "2.7"]
[White "Grubert, Christian"]
[Black "Haubro, Sigfred"]
[Result "1/2-1/2"]
[WhiteElo "2161"]
[BlackElo "2119"]
[EventDate "2018.10.27"]
[EventType "team-tourn"]
[EventRounds "9"]
[EventCountry "Danmark"]
[WhiteTeam "Jetsmark"]
[BlackTeam "BMS"]
[WhiteTeamCountry "DEN"]
[BlackTeamCountry "DEN"]
[WhiteFideId "1406744"]
[BlackFideId "1405420"]

1. e4 d5 2. exd5 Qxd5 3. Nf3 Nf6 4. d4 Bf5 5. Be2 e6 6. O-O Be7 7. c4 Qd8 8. Nc3 c6 9. Bf4 O-O 10. Qb3 Qc8 11. Rac1 Rd8 12. Rfd1 Nbd7 13. h3 Ne4 14. Nxe4 Bxe4 15. Nd2 Bg6 16. c5 Nf6 17. Nc4 Nd5 18. Bg3 Bg5 19. Ra1 Bf4 20. Nd6 Bxd6 21. Bxd6 Rd7 22. h4 h6 23. Qg3 Kh7 24. h5 Bf5 25. Rac1 Kh8 26. Be5 Qg8 27. Qf3 f6 28. Bd6 Re8 29. Re1 Qf7 30. Bc4 Bh7 31. Re2 Rdd8 32. Rce1 Bg8 33. Bd3 Bh7 34. Bxh7 Kxh7 35. Rxe6 Rxe6 36. Qf5+ g6 37. hxg6+ Qxg6 38. Qxg6+ Kxg6 39. Rxe6 Kf5 40. Re2 Rg8 41. f3 h5 42. Kf2 Rh8 43. b4 a6  1/2-1/2

[Event "Skakligaen"]
[Site "Danmark"]
[Date "2018.10.28"]
[Round "2.8"]
[White "Pallesen, Jacob"]
[Black "Rasmussen, Henning"]
[Result "1/2-1/2"]
[WhiteElo "2033"]
[BlackElo "2142"]
[EventDate "2018.10.27"]
[EventType "team-tourn"]
[EventRounds "9"]
[EventCountry "Danmark"]
[WhiteTeam "BMS"]
[BlackTeam "Jetsmark"]
[WhiteTeamCountry "DEN"]
[BlackTeamCountry "DEN"]
[WhiteFideId "1404881"]
[BlackFideId "1407988"]

1. Nf3 d5 2. g3 Nd7 3. Bg2 e5 4. d3 Ngf6 5. O-O Bd6 6. Nbd2 O-O 7. c4 c6 8. cxd5 cxd5 9. Nb3 h6 10. Bd2 Re8 11. Rc1 Qb6 12. Ba5 Qa6 13. Bc7 Bf8 14. d4 exd4 15. Nfxd4 Ne5 16. Bxe5 Rxe5 17. Qd3 Qb6 18. Rc2 Bg4 19. Rfc1 Rae8 20. e3 a6 21. Qc3 Bd6 22. Qa5 Qd8 23. Qxd8 Rxd8 24. Nc5 Rb8 25. h3 Bh5 26. Nd3 Ree8 27. Nf5 Bf8 28. Nf4 Bg6 29. Nxg6 fxg6 30. Nd4 Bd6 31. h4 Rbd8 32. Bh3 Kf7 33. Rc8 a5 34. Nb5 Be5 35. b3 Rxc8 36. Bxc8 Re7 37. Kg2 g5 38. hxg5 hxg5 39. Bf5 g6 40. Bd3 g4 41. Rc8 Re8 42. Rxe8 Nxe8 43. Kf1 Nf6 44. Ke1 Nd7 45. Be2 Nf6 46. Bd3 Kg7 47. Nd4 Kf7 48. Kd2 g5 49. Kc3 Ke7 50. b4 axb4+ 51. Kxb4 Bxd4 52. exd4 Kd6 53. Kb5 Kc7 54. a4 b6 55. Bf5 Kb7 56. Bd3 Ne8 57. Kb4 Nd6 58. Bg6 Kc6 59. Bd3 Kd7 60. Bg6 Ke6 61. Bd3 Kf6 62. Bb1 Ke6 63. Bd3 Ke7 64. Bh7 Kd7 65. Bd3 Kc6 66. Bg6 Nc4 67. Bf5 Nb2 68. Bxg4 Nd3+ 69. Kb3 Nxf2 70. Bf5 Nh1 71. g4 Ng3 72. Bd3 Kd6 73. Kb4 Ne4 74. Kb5 Kc7 75. Bxe4 dxe4 76. Kc4 Kd6 77. d5 e3 78. Kd3 Kxd5 79. Kxe3 Ke5 80. Kd3 Kf4 81. Kc4 Kxg4 82. Kb5 Kf5 83. Kxb6 g4 84. a5 g3 85. a6 g2 86. a7 g1=Q+ 87. Kb7 Qg7+ 88. Kb8 Qf8+ 89. Kb7 Qe7+ 90. Kb8 Qd8+ 91. Kb7 Qd5+ 92. Kb8 Qb5+ 93. Ka8 Qd5+ 94. Kb8 Qd6+ 95. Kb7 Ke6 96. a8=Q Qd5+ 97. Kb8 Qxa8+ 98. Kxa8  1/2-1/2

[Event "Skakligaen"]
[Site "Danmark"]
[Date "2018.10.28"]
[Round "2.1"]
[White "Hansen, Sune Berg"]
[Black "Aabling Thomsen, Jakob"]
[Result "1-0"]
[WhiteElo "2587"]
[BlackElo "2369"]
[EventDate "2018.10.27"]
[EventType "team-tourn"]
[EventRounds "9"]
[EventCountry "Danmark"]
[WhiteTeam "Hillerod"]
[BlackTeam "Bronshoj"]
[WhiteTeamCountry "DEN"]
[BlackTeamCountry "DEN"]
[WhiteFideId "1400266"]
[BlackFideId "1407589"]

1. e4 d6 2. d4 Nf6 3. Bd3 e5 4. c3 Be7 5. Nf3 Nbd7 6. Nbd2 O-O 7. O-O Re8 8. Re1 Bf8 9. a4 a5 10. Bc2 h6 11. Nf1 b6 12. Ng3 Bb7 13. Bd2 d5 14. exd5 exd4 15. c4 Bc5 16. Nf5 Ng4 17. N3xd4 Nde5 18. Bc3 Qg5 19. Rf1 Nxc4 20. Nf3 Nge3 21. fxe3 Nxe3 22. Nxe3 Qxe3+ 23. Kh1 Rad8 24. Re1 Qf2 25. Qd3 g6 26. Bb3 Bc8 27. Rf1 Qe2 28. Qxe2 Rxe2 29. Rae1 Rxe1 30. Rxe1 Bb7 31. Bf6  1-0

[Event "Skakligaen"]
[Site "Danmark"]
[Date "2018.10.28"]
[Round "2.2"]
[White "Carstensen, Jacob"]
[Black "Borge, Nikolaj"]
[Result "1/2-1/2"]
[WhiteElo "2351"]
[BlackElo "2372"]
[EventDate "2018.10.27"]
[EventType "team-tourn"]
[EventRounds "9"]
[EventCountry "Danmark"]
[WhiteTeam "Bronshoj"]
[BlackTeam "Hillerod"]
[WhiteTeamCountry "DEN"]
[BlackTeamCountry "DEN"]
[WhiteFideId "1404180"]
[BlackFideId "1400312"]

1. d4 Nf6 2. c4 g6 3. Nc3 Bg7 4. e4 d6 5. Be2 O-O 6. Be3 c5 7. d5 b5 8. cxb5 a6 9. f3 axb5 10. Bxb5 Qa5 11. Nge2 Ba6 12. Bxa6 Nxa6 13. O-O Rfb8 14. Qd2 Nd7 15. Rab1 Ne5 16. b3 Qa3 17. Na4 Nc4 18. Qc1 Qxc1 19. Bxc1 Nb4 20. bxc4 Rxa4 21. a3 Na6 22. Bg5 Re8 23. Rb7 Kf8 24. Rfb1 Rxa3 25. Ra7 h6 26. Bd2 Ra2 27. Kf1 Rxd2 28. Rxa6 Rc2 29. Ra4 Rb2 30. Rxb2 Bxb2 31. Ke1 Rb8 32. Kd2 Bf6 33. f4 Rb2+ 34. Kd3 Rb3+ 35. Kd2 Rb2+ 36. Kd3 Rb3+ 37. Kd2 Kg7 38. Ra7 Rb2+ 39. Kd3 Rb3+ 40. Kd2 Rb2+ 41. Kd3 Rb3+ 42. Kc2 Rb4 43. Kd3 h5 44. g3 h4 45. e5 dxe5 46. fxe5 Bxe5 47. Rxe7 hxg3 48. hxg3 Rb3+ 49. Kc2 Rb2+ 50. Kd3 Rb3+ 51. Kc2 Rb2+ 52. Kd3  1/2-1/2

[Event "Skakligaen"]
[Site "Danmark"]
[Date "2018.10.28"]
[Round "2.3"]
[White "Larsen, Steen Skovlund"]
[Black "Bromann, Thorbjorn"]
[Result "0-1"]
[WhiteElo "2300"]
[BlackElo "2395"]
[EventDate "2018.10.27"]
[EventType "team-tourn"]
[EventRounds "9"]
[EventCountry "Danmark"]
[WhiteTeam "Hillerod"]
[BlackTeam "Bronshoj"]
[WhiteTeamCountry "DEN"]
[BlackTeamCountry "DEN"]
[WhiteFideId "1400703"]
[BlackFideId "1403893"]

1. Nf3 d5 2. b3 g6 3. Bb2 Nf6 4. c4 dxc4 5. bxc4 c5 6. g3 b6 7. Bg2 Bb7 8. O-O Bg7 9. a4 Nc6 10. Ne5 Na5 11. Bxb7 Nxb7 12. Ng4 Qd6 13. Nxf6+ Bxf6 14. Nc3 Qd7 15. Qc1 Na5 16. Nd5 Bxb2 17. Qxb2 O-O-O 18. Nxb6+ axb6 19. Qxb6 Qc7 20. Qa6+ Kd7 21. Rfb1 Rb8 22. d3 Nc6 23. e3 Nb4  0-1

[Event "Skakligaen"]
[Site "Danmark"]
[Date "2018.10.28"]
[Round "2.4"]
[White "Laursen, Niels Norskov"]
[Black "Jaksland, Tim"]
[Result "1-0"]
[WhiteElo "2256"]
[BlackElo "2228"]
[EventDate "2018.10.27"]
[EventType "team-tourn"]
[EventRounds "9"]
[EventCountry "Danmark"]
[WhiteTeam "Bronshoj"]
[BlackTeam "Hillerod"]
[WhiteTeamCountry "DEN"]
[BlackTeamCountry "DEN"]
[WhiteFideId "1404709"]
[BlackFideId "1401084"]

1. e4 c5 2. Nf3 e6 3. d4 cxd4 4. Nxd4 Nc6 5. Nc3 Qc7 6. Be2 a6 7. Be3 b5 8. Nxc6 Qxc6 9. Bf3 Bb7 10. O-O Rc8 11. Re1 b4 12. e5 Qc7 13. Ne4 f5 14. Bh5+ g6 15. Nd6+ Bxd6 16. exd6 Qd8 17. Bf3 Bxf3 18. Qxf3 Nf6 19. Qe2 Kf7 20. a3 a5 21. axb4 axb4 22. Bd4 Rc6 23. Qe5 Rc8 24. Ra7 Rf8 25. Qxe6+  1-0

[Event "Skakligaen"]
[Site "Danmark"]
[Date "2018.10.28"]
[Round "2.5"]
[White "Ostergaard, Jens"]
[Black "Palm, Nikolaj"]
[Result "1/2-1/2"]
[WhiteElo "2206"]
[BlackElo "2286"]
[EventDate "2018.10.27"]
[EventType "team-tourn"]
[EventRounds "9"]
[EventCountry "Danmark"]
[WhiteTeam "Hillerod"]
[BlackTeam "Bronshoj"]
[WhiteTeamCountry "DEN"]
[BlackTeamCountry "DEN"]
[WhiteFideId "1400606"]
[BlackFideId "1402145"]

1. d4 d5 2. c4 e6 3. Nc3 Nf6 4. Bg5 Nbd7 5. e3 Be7 6. Nf3 O-O 7. Rc1 c6 8. Qc2 h6 9. Bh4 a6 10. cxd5 exd5 11. Bd3 Re8 12. O-O Ne4 13. Bxe7 Qxe7 14. Bxe4 dxe4 15. Nd2 Nf6 16. a3 Bf5 17. b4 Rad8 18. Na4 Bc8 19. Nc5 Rd5 20. Rce1 Rh5 21. f3 exf3 22. Nxf3 Ne4 23. Qxe4 Qxe4 24. Nxe4 Rxe4 25. Ne5 f6 26. Nd3 Re7 27. Rf2 Rd5 28. Rd2 a5 29. Nc5 axb4 30. axb4 b6 31. Na4 Rb5 32. Rb2 Ra7 33. Nc3 Rh5 34. Ra2 Rxa2 35. Nxa2 Rb5 36. Rb1 Bf5 37. Rb2 c5 38. Kf2 Bg6 39. Ke2 Bf7 40. Nc3 Rxb4 41. Rxb4 cxb4 42. Na4 b5 43. Nc5 Kf8 44. Kd2 Ke7 45. Nd3 b3 46. Kc3 Kd6 47. e4 g6 48. g4 Bc4 49. Nf4 Bf7 50. Nd3 Bc4 51. Nf4 Bf7 52. Nd3  1/2-1/2

[Event "Skakligaen"]
[Site "Danmark"]
[Date "2018.10.28"]
[Round "2.6"]
[White "Greger, Roland Reinhard"]
[Black "Svenninggaard, Thomas"]
[Result "1-0"]
[WhiteElo "2263"]
[BlackElo "2124"]
[EventDate "2018.10.27"]
[EventType "team-tourn"]
[EventRounds "9"]
[EventCountry "Danmark"]
[WhiteTeam "Bronshoj"]
[BlackTeam "Hillerod"]
[WhiteTeamCountry "DEN"]
[BlackTeamCountry "DEN"]
[WhiteFideId "1401530"]
[BlackFideId "1406302"]

1. e4 d6 2. d4 g6 3. Nc3 Bg7 4. Nf3 Nf6 5. h3 c6 6. Bg5 O-O 7. Qd2 b5 8. a3 a5 9. Bd3 Bb7 10. O-O Na6 11. Rfe1 Re8 12. e5 dxe5 13. dxe5 Nd5 14. Nxd5 Qxd5 15. Rad1 Nc5 16. Qe3 Nxd3 17. Rxd3 Qe6 18. Qb6 Qc8 19. Qc5 e6 20. Bf6 Bf8 21. Rd6 Qb8 22. Red1 Qa7 23. Qxa7 Rxa7 24. Rd7 Bc5 25. Ng5 Rf8 26. Nxe6 fxe6 27. Rg7+ Kh8 28. Rdd7 Rxf6  1-0